000 00457nam a2200157 4500
999 _c5356
_d5356
008 161020b xxu||||| |||| 00| 0 eng d
022 _a9770118389007
082 _aDPer 641.05 F73 Mar-Nov 2012
100 _916586
_aPrats, Joey
245 _aMy best cheesecake ever/
_cJoey Prats.
260 _aQuezon City:
_bABS CBN Publishing, Inc.,
_c©2012.
300 _apages 24-25;
_c30 cm.
500 _aFood.
650 0 _916587
_aCake
942 _2ddc
_cPER